000 00717cam a2200205 i 4500
005 20260129095820.0
008 250721s2011 jo gr 000 0 ara d
020 _a9789957332228
082 1 4 _a370.15
_bع س ا
100 1 _aالعساف، ماجد حمدان
_eمؤلف.
245 1 2 _aالبيئة الصفية الآمنة /
_cالدكتور ماجد حمدان العساف.
250 _aالطبعة الاولى.
264 3 1 _aعمان :
_bالوراق للنشر والتوزيع،
_c2011.
300 _a261 صفحة.
650 1 7 _aعلم النفس التربوي.
650 1 7 _aالاطفال.
650 1 7 _aرعاية الطفولة.
942 _2ddc
_cBK
999 _c125316
_d125316